|
|
|
|
| LEADER |
00625nta a2200181 i 4500 |
| 001 |
dipl123462 |
| 005 |
20220328122725.0 |
| 008 |
220225s2006 hu om 0|| hun d |
| 040 |
|
|
|a SZTE Diploma Repozitórium
|b hun
|
| 041 |
|
|
|a hun
|
| 100 |
1 |
|
|a Pleiveisz Éva
|
| 245 |
1 |
0 |
|a Tanulási problémák hátterének vizsgálata
|h [elektronikus dokumentum] /
|c Éva Pleiveisz
|
| 260 |
|
|
|c 2006
|
| 650 |
|
4 |
|a Bölcsészettudományok
|
| 650 |
|
4 |
|a Social sciences
|
| 650 |
|
4 |
|a Educational sciences
|
| 700 |
2 |
|
|a Felleginé Takács Anna
|e ths
|
| 856 |
4 |
0 |
|u http://diploma.bibl.u-szeged.hu/id/eprint/123462/1/2006_pleiveisz_eva.pdf
|z Dokumentum-elérés
|